Na návšteve tam, kde odmietajú drogu, nie závislých na droge

Bibliographic Details
Main Authors: Krajčo, Eduard, 1940- (ain), Okruhlica, Ľubomír, 1952- (Author)
Format: Article
Language:Slovak
ISSN:0231-6463
Subjects:

MARC

LEADER 00000nab a2200000 a 4500
001 vtls000724315
003 SK-MaSNL
005 20260304104320.0
008 250429c2000 xo 0 slo
015 |a SNBRB2000/06-15135 
035 |a CLN000076479 
035 |a urn:nbn:sk:snk-ab1ru4 
035 |a (urnnbn)urn:nbn:sk:snk:ar-a008je 
035 |a (uuid)91bd4eae-d868-4925-9cc4-a7dbfeac2005 
040 |a SNKBUCL  |b slo  |c SNKBUCL  |e AACR2 
041 0 |a slo 
044 |a xo  |c SK 
080 |a 613.83  |2 1997 
100 1 |a Krajčo, Eduard,  |d 1940-  |4 ain  |9 242959 
245 1 0 |a Na návšteve tam, kde odmietajú drogu, nie závislých na droge  |c Eduard Krajčo, Ľubomír Okruhlica 
610 7 |a Centrum pre liečbu drogových závislostí (Bratislava, Slovensko)  |2 snkbucl  |9 1026727 
650 0 7 |a závislosť drogová  |x liečba  |2 snkbucl  |9 840945 
650 0 7 |a drogy  |2 snkbucl  |9 1552 
655 7 |a články z novín a časopisov  |2 snkbucl  |9 267496 
700 1 |a Okruhlica, Ľubomír,  |d 1952-  |4 aut  |9 197604 
773 0 |t Rodina a škola  |g Roč. 48, č. 5 (2000), s. 8-9  |x 0231-6463 
850 |a Slovenská národná knižnica 
852 |a Slovenská národná knižnica 
954 |a odborná, vedecká literatúra pôvodná (slovenská)  |2 lita 
958 |a article27 
958 |a SK 
958 |a OND 
958 |a EUIPO 
992 |a RBX 
999 |c 2851334  |d 2853264